3R(環境保護) - Statistics

General Stats
  • This quiz has been taken 15 times
  • The average score is 6 of 34
Answer Stats
R hint % Correct
recycle 再資源化する。
100%
reuse 繰り返し使う。
100%
reduce 減らす。
93%
refuse 再生できない商品を拒む。
60%
remove 買う必要のないものを取り除く。
40%
repair 直して使う。
40%
rethink 不必要でないか再考する。
27%
rebuy 中古品を買う。
20%
rental 借りる。
20%
resist 環境破壊に抵抗する。
20%
restore 復元する。
20%
return 空き瓶や携帯電話などを使用後に購入先に戻す。
20%
reform 服を仕立て直す。
13%
request 再生可能な製品を作るようメーカーに求める。
13%
range 幅広い用途に用いる。
7%
recognize 廃棄物の種類を正しく分別する。
7%
record 自分の消費行動を記録して分析する。
7%
reforest 再植林する。
7%
rename 既にもっているものに別の役目を与える。
7%
revenge 環境破壊すると将来その代償を払うことになる。
7%
role 自然界の中での人間の役割を考える。
7%
run out 消耗品は最後まで使い切る。
7%
react 環境保全型の生活に共鳴する。
0%
{reasonable} management 適正に処分する。
0%
{reconvert} to energy エネルギーに返還する。
0%
recreate 環境保全型余暇を楽しむ。
0%
refine 分別する。
0%
{refresh} with green-break 環境保全型余暇を楽しむ。
0%
regeneration 再生させる。
0%
regulate ふさわしくない製品を法律などで規制する。
0%
remark 社会に対して意見を述べる。
0%
remix 既存の資源を再編集する
0%
resort 既に持っている物の別の使い道を探す。
0%
revert 本来の姿に立ち戻る。
0%
No matching quizzes found
Score Distribution
Percent of People with Each Score
Percentile by Number Answered
Your Score History
You have not taken this quiz